000 00685nam a2200277Ia 4500
005 20260324140310.0
008 008 260324s9999 xx 000 0 eng d
020 _a9780429180590
037 _aEBOOK
040 _aCRL
040 _beng
040 _cCRL
041 _2eng
041 _aeng
084 _qCRL
100 _aAlexandru T Balaban; James Devillers
_91203864
245 0 _aTopological Indices and Related Descriptors in QSAR and QSPR
260 _bTaylor and Francis
260 _c1999
365 _a
365 _b840
856 _uhttp://www.taylorfrancis.com/books/9780429180590
942 _cEBOOK
999 _c1805802
_d1805802